=LDR 00000nam 2200000 4500 =001 INLIS000000000038588 =005 20130612144243 =008 ***********************************6aINd** =035 ##$$0010-061300000038588 =041 ##$$a 6aINd =082 ##$$a 641.5 =090 ##$$a 641.5, Erw m =100 ##$$a Erwin, Lilly T =245 ##$$a Meatloaf, Sajian daging bersaus lezat, Oleh Lilly T. Erwin; Editor, Intarina Hardiman =260 ##$$a 2009 $b Jakarta =300 ##$$a 40 hlm, Ilus, 20 cm =650 ##$$a Masakan Meatloaf =700 ##$$a Hardiman, Intarina =850 ##$$a NBPNMAT